Postavenie Venezuely v súčasnej svetovej politike diplomová práca

Enregistré dans:
Détails bibliographiques
Auteur principal: Malatincová, Darina
Collectivité auteur: Fakulta medzinárodných vzťahov EU. Katedra medzinárodných politických vzťahov
Autres auteurs: Kucharčík, Rudolf, 1977-
Format: Livre
Langue:slovaque
Publié: Bratislava 2018
Tags: Ajouter un tag
Pas de tags, Soyez le premier à ajouter un tag!

MARC

LEADER 00000nbm a2200000 4500
001 0244464
005 20180807080047.8
041 0 |a slo 
044 |a SK 
245 1 0 |a Postavenie Venezuely v súčasnej svetovej politike  |b diplomová práca  |c Darina Malatincová ; školiteľ: Rudolf Kucharčík 
264 1 |a Bratislava  |c 2018 
300 |a 68 s. 
100 1 |a Malatincová, Darina 
700 1 |a Kucharčík, Rudolf, 1977- 
710 2 |a Fakulta medzinárodných vzťahov EU. Katedra medzinárodných politických vzťahov